Estatísticas para Nicarágua

Clique aqui para jogar o quiz

Estatísticas Gerais

  • Esse quiz foi jogado 9 vezes
  • A pontuação média é 8 de 11

Estatísticas das Respostas

HintResposta% Correto
De que país é independente?Espanha
100%
Qual é o seu idioma?Espanhol
100%
Onde fica?América Central
89%
Com que país faz fronteira a Sul?Costa Rica
89%
Qual é a sua religião?Cristianismo
89%
Com que país faz fronteira a Leste?Honduras
89%
Qual é a sua capital?Manágua
89%
Com que oceano faz fronteira a Oeste?Pacífico
78%
Qual é o desporto mais popular?Basebol
22%
Qual é a sua moeda?Córdoba
11%
Com que golfo faz fronteira a Norte?Golfo de Fonseca
11%

Distribuição das Pontuações

Percentil de Números Respondidos

Porcentagem de Pessoas com Cada Pontuação

Sua Pontuação Histórica

Você não jogou esse quiz